banner koha

Fortalecendo as bases (Registro n. 327801)

MARC details
000 -LÍDER
fixed length control field 00675nab a2200205 4500
003 - CÓDIGO MARC DA AGÊNCIA CATALOGADORA
Campo de controle BR-BrBNA
005 - DATA E HORA DA ÚLTIMA ATUALIZAÇÃO
Campo de controle 20240924171034.0
008 - CAMPO DE TAMANHO FIXO
fixed length control field 240924b bl.||||| |||| 00| 0 por d
040 ## - FONTE DA CATALOGAÇÃO
Agência catalogadora BR-BrBNA
Idioma da catalogação por
072 ## - CATEGORIA AGRIS
Código AGRIS E21 ; E71
100 ## - ENTRADA PRINCIPAL - NOME PESSOAL
Nome pessoal Motta, Ivonete
245 ## - TÍTULO PRINCIPAL
Título principal Fortalecendo as bases
Subtítulo Agroindústria
500 ## - NOTA GERAL
Nota geral 2 illus.
942 ## - ADDED ENTRY ELEMENTS (KOHA)
Koha item type Analítica
650 ## - ASSUNTO - THESAGRO
Cabeçalho tópico ou nome geográfico AGROINDÚSTRIA
650 ## - ASSUNTO - THESAGRO
Cabeçalho tópico ou nome geográfico EXPORTAÇÃO
650 ## - ASSUNTO - THESAGRO
Cabeçalho tópico ou nome geográfico TOCANTINS
773 0# - ENTRADA ANALÍTICA
Host Biblionumber 4604
Registro do item 317178
Imprenta Palmas - Tocantins Terranova Gráfica e Editora Jornalística Ltda 2005
Outro identificador 2024-3802
Título Cerrado Rural Agronegócios (Brazil)
ISSN 1980-2595
Colação v. 2(7) p. 32-33; (Apr-May 2005)
Número de controle de registro BR2024002726

Nenhum exemplar disponível.

BINAGRI

Telefone: (61)3218-2567/2388/3357/2097 - binagri@agro.gov.br

Ministério da Agricultura e Pecuária , Esplanada dos Ministérios, Bloco D, Anexo B, Brasília/DF, CEP: 70.043-900